<?xml version="1.0" encoding="UTF-8"?>
<record
    xmlns:xsi="http://www.w3.org/2001/XMLSchema-instance"
    xsi:schemaLocation="http://www.loc.gov/MARC21/slim http://www.loc.gov/standards/marcxml/schema/MARC21slim.xsd"
    xmlns="http://www.loc.gov/MARC21/slim">

  <leader>00542nam a2200193Ia 4500</leader>
  <controlfield tag="005">20250923145314.0</controlfield>
  <controlfield tag="008">008  250917s9999    xx            000 0 eng d</controlfield>
  <datafield tag="037" ind1=" " ind2=" ">
    <subfield code="a">Textual</subfield>
  </datafield>
  <datafield tag="040" ind1=" " ind2=" ">
    <subfield code="a">DSWL</subfield>
    <subfield code="b">eng</subfield>
    <subfield code="c">DSWL</subfield>
  </datafield>
  <datafield tag="041" ind1=" " ind2=" ">
    <subfield code="a">eng</subfield>
    <subfield code="2">eng</subfield>
  </datafield>
  <datafield tag="084" ind1=" " ind2=" ">
    <subfield code="a">Y12x1, N63</subfield>
    <subfield code="q">DSWL</subfield>
  </datafield>
  <datafield tag="245" ind1=" " ind2="0">
    <subfield code="a">Youth : Change and challenge</subfield>
    <subfield code="c"> Ed.by Erik H. Erikson</subfield>
  </datafield>
  <datafield tag="260" ind1=" " ind2=" ">
    <subfield code="a">New York</subfield>
    <subfield code="b"> Basic Book Pub. Inc    </subfield>
    <subfield code="c">1963</subfield>
  </datafield>
  <datafield tag="300" ind1=" " ind2=" ">
    <subfield code="a">xiv,284 p.</subfield>
  </datafield>
  <datafield tag="365" ind1=" " ind2=" ">
    <subfield code="a">INR</subfield>
    <subfield code="b">57 . 38</subfield>
  </datafield>
  <datafield tag="925" ind1=" " ind2=" ">
    <subfield code="g">57 . 38</subfield>
  </datafield>
  <datafield tag="942" ind1=" " ind2=" ">
    <subfield code="c">TEXL</subfield>
    <subfield code="h">Y12x1, N63</subfield>
  </datafield>
  <datafield tag="999" ind1=" " ind2=" ">
    <subfield code="c">1449750</subfield>
    <subfield code="d">1449750</subfield>
  </datafield>
  <datafield tag="952" ind1=" " ind2=" ">
    <subfield code="0">0</subfield>
    <subfield code="1">0</subfield>
    <subfield code="4">0</subfield>
    <subfield code="7">0</subfield>
    <subfield code="a">DSWL</subfield>
    <subfield code="b">DSWL</subfield>
    <subfield code="d">2025-09-23</subfield>
    <subfield code="e"> Metropolitan  </subfield>
    <subfield code="i">7245  19/03/1975</subfield>
    <subfield code="l">0</subfield>
    <subfield code="o">Y12x1, N63</subfield>
    <subfield code="p">SW0016962</subfield>
    <subfield code="r">2025-09-23 14:53:14</subfield>
    <subfield code="w">2025-09-23</subfield>
    <subfield code="y">TEXL</subfield>
  </datafield>
</record>
